Význam predstihových indikátorov v slovenskej ekonomike
Práca je členená na teoretickú časť, kde sú stručne charakterizované konjunkturálne prieskumy ako významné predstihové indikátory pre slovenskú ekonomiku, resp. európske krajiny vôbec. V praktickej časti sú skúmané predstihové indikátory, ktoré najlepšie korešpondujú s vývojom priemyselnej produkcie...
Saved in:
| Main Author: | |
|---|---|
| Format: | Book Chapter |
| Language: | Slovak |
| Subjects: | |
| Tags: |
No Tags, Be the first to tag this record!
|
MARC
| LEADER | 00000nla a2200000 4500 | ||
|---|---|---|---|
| 001 | 0181115 | ||
| 005 | 20240502073113.0 | ||
| 041 | 0 | |a slo | |
| 044 | |a SK | ||
| 245 | 1 | 0 | |a Význam predstihových indikátorov v slovenskej ekonomike |c Tomáš Kendera |
| 520 | |a Práca je členená na teoretickú časť, kde sú stručne charakterizované konjunkturálne prieskumy ako významné predstihové indikátory pre slovenskú ekonomiku, resp. európske krajiny vôbec. V praktickej časti sú skúmané predstihové indikátory, ktoré najlepšie korešpondujú s vývojom priemyselnej produkcie na Slovensku. | ||
| 610 | 2 | 0 | |a vývoj hospodársky |
| 610 | 2 | 0 | |a ukazovatele |
| 610 | 2 | 0 | |a rady časové |
| 610 | 2 | 0 | |a prieskum konjunktúrny |
| 610 | 2 | 0 | |a výroba priemyselná |
| 610 | 2 | 0 | |a Slovensko |
| 100 | 1 | |a Kendera, Tomáš | |